000 00583naa a22001937a 4500
001 191266
003 ES-MaBCM
005 20230926063244.0
008 120813t2011 us ||||| |||| 00| 0 eng d
021 _axx
035 _a(OCoLC)1365183534
040 _cES-MaBCM
100 _aWesten, Drew
_9115758
245 _aWhat happened to Obama?
_cDrew Westen
_ban opinion piece
651 4 _aEstados Unidos
_9115376
650 7 _aSituación política
_960283
773 0 _aEn
_dNew York
_gVol. 126, no. 3 (fall 2011), p. 493-499
_tPolitical science quarterly
_w104705
942 _2udc
_cAREV
999 _c191266
_d191266